Novell GroupWise 7 : Administrator Solutions Guide /

Contenido: Arquitectura; Interfaz de administración; Agentes y clientes; Administración práctica; Arquitectura aplicada; Soluciones.

Kaydedildi:
Detaylı Bibliyografya
Yazar: Kratzer, Tay (autor)
Diğer Yazarlar: Korte, Erno de (autor) (autor)
Materyal Türü: Kitap
Dil:İngilizce
Baskı/Yayın Bilgisi: Indianápolis, EUA : Novell, 2006, c2006
Seri Bilgileri:(Administration Novell)
Konular:
Etiketler: Etiketle
Etiket eklenmemiş, İlk siz ekleyin!

MARC

LEADER 00000nam^a2200000^a^4500
001 000187078
005 20250521000000.0
009 20260310102247.674
020 |a 0-672-32788-0 
037 |a Acervo ITESO - Biblioteca 
041 |a ING 
082 |a 621. 3821731  |b KRA 
100 |a Kratzer, Tay  |e (autor) 
245 1 0 |a Novell GroupWise 7 :  |b Administrator Solutions Guide /  |c T. Kratzer, E. de Korte. 
264 4 |a Indianápolis, EUA :  |b Novell,  |c 2006, c2006 
300 |a XXXIV, 901 p. 
336 |a texto  |b txt  |2 rdacontenido 
337 |a sin mediación  |b n  |2 rdamedio 
338 |a volumen  |b nc  |2 rdasoporte 
440 1 |a (Administration Novell) 
520 |a Contenido: Arquitectura; Interfaz de administración; Agentes y clientes; Administración práctica; Arquitectura aplicada; Soluciones. 
649 |a XX 
650 |a Información -  |x Administración 
650 |a Correo Electrónico -  |x Administración 
650 |a Comunicación Organizacional -  |x Administración 
650 |a Cómputo Distribuido 
650 |a Tecnologías de Comunicación e Información 
650 |a Redes de Computadoras -  |x Administración -  |x Tema Principal 
650 |a Comunicación en Red 
650 |a Telecomunicaciones 
650 |a Ingeniería Computacional 
700 |a Korte, Erno de  |e (autor) 
910 |a Fondo General 
920 |a Impresos - Libros 
930 |a Colección General 
905 |a 101 
901 |a 0500128963  |b IT1  |c ACC  |u 20250521 
901 |a 0500138249  |b IT1  |c ACC  |u 20250521 
902 |a https://opac.biblio.iteso.mx/vufind/Record/000187078